La crítica al eurocentrismo y la prácticade la filosofía africana /

সংরক্ষণ করুন:
গ্রন্থ-পঞ্জীর বিবরন
প্রধান লেখক: Serequeberhan, Tsenay
বিন্যাস: পাঠ‍্য
ট্যাগগুলো: ট্যাগ যুক্ত করুন
কোনো ট্যাগ নেই, প্রথমজন হিসাবে ট্যাগ করুন!

MARC

LEADER 00000 a a2200000 04500
001 45037
003
040
100 |a Serequeberhan, Tsenay  
245 |a La crítica al eurocentrismo y la prácticade la filosofía africana /  |c Tsenay Serequeberhan  
773 |g páginas 253-281  
999 |c 35735  |d 35735